000 00818cam a2200157 4500500
005 20260412000114.0
041 _afre
042 _adc
100 1 0 _aGouchon, Maëliss
_eauthor
245 0 0 _aLa democratización cultural en Francia
260 _c2022.
500 _a6
520 _aEste artículo se centra en uno de los principios rectores de la política cultural francesa: la democratización cultural, y su evolución desde el período de entreguerras hasta nuestros días, pasando por los períodos en los que el ministerio de cultura estuvo encabezado por los ministros Malraux y Lang.
786 0 _nRegards croisés sur l'économie | 30-31 | 1 | 2022-11-22 | p. 35-40 | 1956-7413
856 4 1 _uhttps://shs.cairn.info/revista-regards-croises-sur-l-economie-2022-1-page-35?lang=es&redirect-ssocas=7080
999 _c2209212
_d2209212